000 00375 a2200169 4500
001 157160
020 _a9788508193394
040 _cEscola São Tomás de Aquino
100 _aBERTIN, Terezinha
240 1 0 _aTeláris Português
_lpor
245 1 0 _aTeláris Português
300 _a304 p.
362 0 _a2019
440 1 _aÁtica
697 _aPortuguês
942 _cBK
999 _c157160
_d157160